|
|
|
|
| LEADER |
01471nam a2200373Ia 4500 |
| 001 |
EBC1019356 |
| 003 |
MiAaPQ |
| 005 |
20191030193401.0 |
| 006 |
m o d | |
| 007 |
cr cn||||||||| |
| 008 |
120916s2012 enka sb 000 0 eng d |
| 020 |
|
|
|z 9781781900161
|
| 020 |
|
|
|z 9781781900178
|
| 020 |
|
|
|a 9781781900178 (electronic bk.)
|
| 035 |
|
|
|a (MiAaPQ)EBC1019356
|
| 035 |
|
|
|a (Au-PeEL)EBL1019356
|
| 035 |
|
|
|a (CaPaEBR)ebr10597039
|
| 035 |
|
|
|a (CaONFJC)MIL390117
|
| 035 |
|
|
|a (OCoLC)811576287
|
| 040 |
|
|
|a MiAaPQ
|c MiAaPQ
|d MiAaPQ
|
| 050 |
|
4 |
|a HF1009.5
|b .A3923 2012
|
| 245 |
0 |
0 |
|a Advances in international marketing
|h [electronic resource] .
|n Volume 23,
|p Interdisciplinary approaches to product design, innovation, & branding in international marketing /
|c edited by K. Scott Swan, Shaoming Zou.
|
| 260 |
|
|
|a Bingley :
|b Emerald,
|c 2012.
|
| 300 |
|
|
|a xx, 339 p. :
|b ill.
|
| 490 |
0 |
|
|a Advances in international marketing ;
|v v. 23
|
| 504 |
|
|
|a Includes bibliographical references.
|
| 533 |
|
|
|a Electronic reproduction. Ann Arbor, MI : ProQuest, 2016. Available via World Wide Web. Access may be limited to ProQuest affiliated libraries.
|
| 650 |
|
0 |
|a Export marketing.
|
| 650 |
|
0 |
|a International business enterprises.
|
| 655 |
|
4 |
|a Electronic books.
|
| 700 |
1 |
|
|a Swan, K. Scott.
|
| 700 |
1 |
|
|a Zou, Shaoming.
|
| 710 |
2 |
|
|a ProQuest (Firm)
|
| 856 |
4 |
0 |
|u https://ebookcentral.proquest.com/lib/matrademy/detail.action?docID=1019356
|z Click to View
|